America's 58 national parks. Yosemite
Features the grandeurs of Yosemite National Park, plus mountains, volcanoes, and Alaskan wonders in nineteen other parks.
Gespeichert in:
| Format: | Buch |
|---|---|
| Sprache: | Undetermined |
| Veröffentlicht: |
Chicago, Ill.
Questar
2013
|
| Schlagworte: | |
| Tags: |
Tag hinzufügen
Keine Tags, Fügen Sie den ersten Tag hinzu!
|
| Thư viện lưu trữ: | Trung tâm Học liệu Trường Đại học Cần Thơ |
|---|
| LEADER | 00683nam a2200193Ia 4500 | ||
|---|---|---|---|
| 001 | CTU_226253 | ||
| 008 | 210402s9999 xx 000 0 und d | ||
| 082 | |a 333.78 | ||
| 082 | |b B959 | ||
| 245 | 0 | |a America's 58 national parks. Yosemite | |
| 245 | 0 | |c Dennis Burkhart | |
| 260 | |a Chicago, Ill. | ||
| 260 | |b Questar | ||
| 260 | |c 2013 | ||
| 520 | |a Features the grandeurs of Yosemite National Park, plus mountains, volcanoes, and Alaskan wonders in nineteen other parks. | ||
| 650 | |a Công viên quốc gia và khu bảo tồn,National parks and reserves | ||
| 650 | |z Hoa Kỳ,United States | ||
| 910 | |b nthai | ||
| 980 | |a Trung tâm Học liệu Trường Đại học Cần Thơ | ||